[Event "Oberliga Ost B"]
[Site "?"]
[Date "2022.03.06"]
[Round "9.8"]
[White "Ulrich, Helena Irene"]
[Black "Emig, Nils"]
[Result "0-1"]
[WhiteElo "1582"]
[BlackElo "1832"]
[PlyCount "74"]
[EventDate "2021.10.10"]
[EventType "team-tourn"]
[EventCountry "GER"]
[WhiteTeam "Erfurt SV Medizin"]
[BlackTeam "Marburg SK"]
[WhiteTeamCountry "GER"]
[BlackTeamCountry "GER"]

1. e4 c5 2. Nf3 e6 3. d4 cxd4 4. Nxd4 Nc6 5. Nc3 Qc7 6. Be3 a6 7. Nxc6 bxc6 8.
Be2 d5 9. O-O Nf6 10. exd5 cxd5 11. Bf3 Bd6 12. g3 Bb7 13. Bg2 O-O 14. Qd3 Rfc8
15. Rfe1 Nd7 16. f4 Nf6 17. Bd4 Rab8 18. Kh1 Nd7 19. Rad1 Bc5 20. Bxc5 Qxc5 21.
f5 exf5 22. Qxf5 Nf6 23. Nxd5 Nxd5 24. Bxd5 Bxd5+ 25. Rxd5 Qb4 26. Rf1 Qb7 27.
Kg1 Rc7 28. Rfd1 Qb6+ 29. Kh1 Re7 30. Rd7 g6 31. Qd5 Rxd7 32. Qxd7 Qxb2 33. Qa4
Qf6 34. c4 Qf3+ 35. Kg1 Qe3+ 36. Kh1 Rb2 37. Qc6 Qe2 0-1

[Event "Oberliga Ost B"]
[Site "?"]
[Date "2022.03.06"]
[Round "9.1"]
[White "Hoffmann, Tim"]
[Black "Di Capua, Francesco Stefano"]
[Result "1/2-1/2"]
[WhiteElo "2148"]
[BlackElo "1954"]
[PlyCount "80"]
[EventDate "2021.10.10"]
[EventType "team-tourn"]
[EventCountry "GER"]
[WhiteTeam "Gera ESV"]
[BlackTeam "Gernsheim SK"]
[WhiteTeamCountry "GER"]
[BlackTeamCountry "GER"]

1. e4 c5 2. Nf3 e6 3. d4 cxd4 4. Nxd4 a6 5. Bd3 Bc5 6. Nb3 Ba7 7. Nc3 Ne7 8.
Bf4 Nbc6 9. Qh5 d6 10. Rd1 e5 11. Bg5 Qc7 12. O-O Be6 13. Be2 Nd4 14. Bg4 Bc4
15. Nxd4 Bxd4 16. Bxe7 Qxe7 17. Ne2 Bxb2 18. Rb1 Ba3 19. Rfd1 O-O 20. Nc3 Bc5
21. Nd5 Bxd5 22. Rxd5 Qf6 23. Qf5 Qxf5 24. Bxf5 b5 25. Rd3 Rad8 26. Bg4 g6 27.
Rd2 f5 28. Bf3 fxe4 29. Bxe4 Rf4 30. Bd5+ Kg7 31. g3 Rd4 32. Rxd4 Bxd4 33. Kg2
Rc8 34. Bb3 Kf6 35. a4 g5 36. axb5 axb5 37. g4 d5 38. Bxd5 Rxc2 39. Rxb5 Rxf2+
40. Kg3 Rb2 1/2-1/2

[Event "Oberliga Ost B"]
[Site "?"]
[Date "2022.03.06"]
[Round "9.2"]
[White "Neumann, Martin"]
[Black "Mueller, Magnus"]
[Result "1-0"]
[WhiteElo "2101"]
[BlackElo "1975"]
[PlyCount "59"]
[EventDate "2021.10.10"]
[EventType "team-tourn"]
[EventCountry "GER"]
[WhiteTeam "Gernsheim SK"]
[BlackTeam "Gera ESV"]
[WhiteTeamCountry "GER"]
[BlackTeamCountry "GER"]

1. d4 d5 2. c4 e6 3. Nc3 a6 4. e4 dxe4 5. Nxe4 Bb4+ 6. Nc3 c5 7. Nf3 Nf6 8. Be3
O-O 9. a3 cxd4 10. Qxd4 Qxd4 11. Bxd4 Be7 12. Ne5 Nfd7 13. O-O-O f6 14. Nxd7
Bxd7 15. f3 Rc8 16. Bd3 Nc6 17. Be4 Be8 18. Rhe1 f5 19. Bc2 Nxd4 20. Rxd4 Kf7
21. Bb3 Bc5 22. Rd2 Rd8 23. Rde2 Rd6 24. Ba2 a5 25. Nb5 Bxb5 26. cxb5 Re8 27.
Re5 Bd4 28. Rxf5+ Kg6 29. Rf4 e5 30. Bf7+ 1-0

[Event "Oberliga Ost B"]
[Site "?"]
[Date "2022.03.06"]
[Round "9.3"]
[White "Schubert, Nikita"]
[Black "Hebbering, Tom Elliot"]
[Result "0-1"]
[WhiteElo "1922"]
[BlackElo "2230"]
[PlyCount "58"]
[EventDate "2021.10.10"]
[EventType "team-tourn"]
[EventCountry "GER"]
[WhiteTeam "Gera ESV"]
[BlackTeam "Gernsheim SK"]
[WhiteTeamCountry "GER"]
[BlackTeamCountry "GER"]

1. d4 d5 2. c4 e6 3. Nf3 Nf6 4. g3 Bb4+ 5. Bd2 Bd6 6. Bg2 c6 7. O-O O-O 8. Qc2
Nbd7 9. Nc3 dxc4 10. e4 e5 11. a4 exd4 12. Nxd4 Ne5 13. Nce2 Bc5 14. Bc3 Qe7
15. h3 Nd3 16. b3 Nxe4 17. bxc4 Nxc3 18. Qxc3 Ne5 19. Rab1 a5 20. Rfd1 Rd8 21.
Kh2 Bb4 22. Qc2 Be6 23. f4 Nxc4 24. Nxe6 Ne3 25. Rxd8+ Rxd8 26. Qe4 Qxe6 27.
Qxe6 fxe6 28. Rb3 Nxg2 29. Kxg2 Rd2 0-1

[Event "Oberliga Ost B"]
[Site "?"]
[Date "2022.03.06"]
[Round "9.4"]
[White "Mueller, Maximilian"]
[Black "Liebold, Aaron"]
[Result "1/2-1/2"]
[WhiteElo "2311"]
[BlackElo "1976"]
[PlyCount "81"]
[EventDate "2021.10.10"]
[EventType "team-tourn"]
[EventCountry "GER"]
[WhiteTeam "Gernsheim SK"]
[BlackTeam "Gera ESV"]
[WhiteTeamCountry "GER"]
[BlackTeamCountry "GER"]

1. e4 c5 2. Ne2 d6 3. g3 g6 4. Bg2 Bg7 5. O-O Nc6 6. c3 e5 7. d3 Nge7 8. Be3
O-O 9. d4 cxd4 10. cxd4 d5 11. Nbc3 Bg4 12. exd5 Nxd4 13. f3 Nxe2+ 14. Qxe2 Bd7
15. Rfd1 Nf5 16. Bf2 Qa5 17. Qd3 Rfd8 18. a3 Nd4 19. b4 Qc7 20. Rac1 Rac8 21.
Be3 Qxc3 22. Rxc3 Rxc3 23. Qd2 Rc2 24. Qe1 Re2 25. Qc3 Rc8 26. Bxd4 exd4 27.
Qd3 Rcc2 28. Bf1 Rxh2 29. Qe4 Bf6 30. Qf4 Kg7 31. g4 Rh4 32. Rc1 Rc3 33. Rxc3
dxc3 34. Qc7 Ba4 35. Bd3 h5 36. d6 hxg4 37. d7 Bd4+ 38. Kg2 gxf3+ 39. Kg3 Bxd7
40. Qxd7 Bf6 41. Qc7 1/2-1/2

[Event "Oberliga Ost B"]
[Site "?"]
[Date "2022.03.06"]
[Round "9.5"]
[White "Puschendorf, Steffen"]
[Black "Peterson, Emery"]
[Result "1-0"]
[WhiteElo "2146"]
[BlackElo "2188"]
[PlyCount "69"]
[EventDate "2021.10.10"]
[EventType "team-tourn"]
[EventCountry "GER"]
[WhiteTeam "Gera ESV"]
[BlackTeam "Gernsheim SK"]
[WhiteTeamCountry "GER"]
[BlackTeamCountry "GER"]

1. d4 e6 2. c4 d5 3. Nc3 Nf6 4. Bg5 Be7 5. e3 O-O 6. cxd5 Nxd5 7. Bxe7 Qxe7 8.
Nf3 Nd7 9. Rc1 c6 10. Bd3 Rd8 11. O-O Nf8 12. a3 Bd7 13. Re1 Be8 14. Qc2 Ng6
15. e4 Ndf4 16. Bc4 e5 17. d5 Rac8 18. Qb3 b5 19. Bf1 Qf6 20. g3 Nxd5 21. exd5
Qxf3 22. Bg2 Qg4 23. Rcd1 cxd5 24. Nxd5 Qe6 25. Qe3 Rd7 26. Rd2 Rcd8 27. Red1
Rc8 28. h4 Ne7 29. Kh2 Nf5 30. Qg5 Nd4 31. Nf4 exf4 32. Rxd4 Rxd4 33. Rxd4
fxg3+ 34. Qxg3 Bc6 35. Rd6 1-0

[Event "Oberliga Ost B"]
[Site "?"]
[Date "2022.03.06"]
[Round "9.6"]
[White "Schupp, Uwe"]
[Black "Glaessl, Matthias"]
[Result "1/2-1/2"]
[WhiteElo "2118"]
[BlackElo "2164"]
[PlyCount "81"]
[EventDate "2021.10.10"]
[EventType "team-tourn"]
[EventCountry "GER"]
[WhiteTeam "Gernsheim SK"]
[BlackTeam "Gera ESV"]
[WhiteTeamCountry "GER"]
[BlackTeamCountry "GER"]

1. g3 d6 2. Bg2 e5 3. d3 Nf6 4. c4 c6 5. Nc3 Be7 6. Nf3 Nbd7 7. O-O O-O 8. Rb1
Re8 9. b4 Qc7 10. b5 Bf8 11. bxc6 bxc6 12. Nd2 Bb7 13. Ba3 Rab8 14. Qa4 Ba8 15.
Nb3 Rec8 16. Rfc1 Nb6 17. Qa5 Nbd7 18. Qxc7 Rxc7 19. Na5 Rb6 20. Nb5 cxb5 21.
Bxa8 bxc4 22. Nxc4 Rxb1 23. Rxb1 d5 24. Bxf8 Kxf8 25. Na5 Nb6 26. Rb2 Nfd7 27.
Bc6 Ke7 28. Kf1 Kd6 29. Bxd7 Kxd7 30. Ke1 Rc5 31. Nb7 Rc7 32. Na5 Rc5 33. Nb7
Rc3 34. Kd2 Ra3 35. Nc5+ Kd6 36. Rc2 Nc4+ 37. dxc4 Kxc5 38. cxd5+ Kxd5 39. Kc1
Ra5 40. Rd2+ Ke6 41. Kb2 1/2-1/2

[Event "Oberliga Ost B"]
[Site "?"]
[Date "2022.03.06"]
[Round "9.7"]
[White "Hilbig, Dieter"]
[Black "Lukas, Anne"]
[Result "0-1"]
[WhiteElo "1979"]
[BlackElo "2033"]
[PlyCount "154"]
[EventDate "2021.10.10"]
[EventType "team-tourn"]
[EventCountry "GER"]
[WhiteTeam "Gera ESV"]
[BlackTeam "Gernsheim SK"]
[WhiteTeamCountry "GER"]
[BlackTeamCountry "GER"]

1. e4 c5 2. Nc3 g6 3. f4 Nc6 4. Nf3 e6 5. Bb5 Nd4 6. O-O a6 7. Bd3 Bg7 8. e5 d5
9. Nxd4 cxd4 10. Ne2 Qb6 11. b3 Ne7 12. Bb2 Nc6 13. Qe1 O-O 14. Qf2 f6 15. Bxd4
Nxd4 16. Qxd4 Qc7 17. c3 fxe5 18. fxe5 Bd7 19. g3 Bxe5 20. Qe3 Bg7 21. Rxf8+
Rxf8 22. Rf1 Rxf1+ 23. Kxf1 e5 24. Kg2 Qd6 25. Qg1 Bh6 26. Qc1 Bg4 27. Ng1 e4
28. Be2 Be6 29. Qd1 Qc6 30. h3 Qc8 31. Bg4 Bxg4 32. hxg4 Qf8 33. Nh3 Qf7 34.
Qe2 Bg7 35. Nf2 Qe6 36. Nd1 Kf7 37. d3 b5 38. dxe4 Qxe4+ 39. Qxe4 dxe4 40. Kf2
Ke6 41. Ke3 Ke5 42. Nf2 Bh6+ 43. Ke2 a5 44. Nh3 Bc1 45. Kd1 Bh6 46. Ke2 a4 47.
Kd1 Kd5 48. Kc2 a3 49. Ng1 Bg7 50. Ne2 Be5 51. Kd2 h5 52. gxh5 gxh5 53. Ke3 Bc7
54. Nf4+ Ke5 55. Nxh5 Bd8 56. Nf4 Bb6+ 57. Ke2 Bc5 58. Ng2 b4 59. cxb4 Bxb4 60.
Ne1 Bc3 61. Nc2 Bb2 62. Ke3 Bc1+ 63. Ke2 Kf5 64. Ne3+ Ke6 65. g4 Ke5 66. b4 Kd4
67. Nf5+ Ke5 68. b5 Kd5 69. b6 Kc6 70. b7 Bf4 71. b8=Q Bxb8 72. Ke3 Kd5 73.
Ne7+ Kd6 74. Nf5+ Ke5 75. Ne7 Ba7+ 76. Ke2 Kf4 77. Nc8 Bc5 0-1

[Event "Oberliga Ost B"]
[Site "?"]
[Date "2022.03.06"]
[Round "9.1"]
[White "Grabarczyk, Bogdan"]
[Black "Dunsbach, Ralf"]
[Result "1-0"]
[WhiteElo "2380"]
[BlackElo "2146"]
[PlyCount "63"]
[EventDate "2021.10.10"]
[EventType "team-tourn"]
[EventCountry "GER"]
[WhiteTeam "Griesheim SV"]
[BlackTeam "Homburg Bad SK"]
[WhiteTeamCountry "GER"]
[BlackTeamCountry "GER"]

1. e4 c5 2. Nf3 d6 3. d4 cxd4 4. Nxd4 Nf6 5. Nc3 g6 6. Be3 Bg7 7. Be2 O-O 8.
Qd2 Nc6 9. O-O-O Ng4 10. Bxg4 Bxg4 11. f3 Bd7 12. Nxc6 bxc6 13. Bh6 Bxh6 14.
Qxh6 Qa5 15. h4 Qe5 16. Qe3 Be6 17. g4 Qa5 18. b3 f6 19. Kb1 Rab8 20. Ne2 Qc5
21. Qxc5 dxc5 22. Kb2 Rfd8 23. Kc3 Rd6 24. Nf4 Kf7 25. Nd3 Rbd8 26. Rb1 Rd4 27.
Nxc5 Rd2 28. Nd3 Rg2 29. Rbg1 Re2 30. g5 Rd6 31. h5 f5 32. hxg6+ 1-0

[Event "Oberliga Ost B"]
[Site "?"]
[Date "2022.03.06"]
[Round "9.2"]
[White "Schmidt, Walter"]
[Black "Nothnagel, Holger"]
[Result "1/2-1/2"]
[WhiteElo "2229"]
[BlackElo "2318"]
[PlyCount "31"]
[EventDate "2021.10.10"]
[EventType "team-tourn"]
[EventCountry "GER"]
[WhiteTeam "Homburg Bad SK"]
[BlackTeam "Griesheim SV"]
[WhiteTeamCountry "GER"]
[BlackTeamCountry "GER"]

1. e4 e6 2. d4 d5 3. Nc3 Bb4 4. e5 Ne7 5. Bd2 c5 6. Nb5 Bxd2+ 7. Qxd2 O-O 8. f4
b6 9. Nf3 Ba6 10. c3 Qd7 11. Nd6 Bxf1 12. Rxf1 Nbc6 13. Kf2 f6 14. Kg1 fxe5 15.
fxe5 Nf5 16. Nxf5 1/2-1/2

[Event "Oberliga Ost B"]
[Site "?"]
[Date "2022.03.06"]
[Round "9.3"]
[White "Koehler, Ronald"]
[Black "Kaliski, Erwin"]
[Result "1/2-1/2"]
[WhiteElo "2182"]
[BlackElo "2178"]
[PlyCount "31"]
[EventDate "2021.10.10"]
[EventType "team-tourn"]
[EventCountry "GER"]
[WhiteTeam "Griesheim SV"]
[BlackTeam "Homburg Bad SK"]
[WhiteTeamCountry "GER"]
[BlackTeamCountry "GER"]

1. d4 d6 2. c4 e5 3. Nc3 exd4 4. Qxd4 Nc6 5. Qd2 Nf6 6. Nf3 g6 7. b3 Bg7 8. Bb2
O-O 9. g3 Re8 10. Bg2 Bf5 11. O-O Ne4 12. Nxe4 Bxe4 13. Rad1 Qe7 14. Rfe1 Rad8
15. Bxg7 Kxg7 16. Nd4 1/2-1/2

[Event "Oberliga Ost B"]
[Site "?"]
[Date "2022.03.06"]
[Round "9.4"]
[White "Lenz, Jonas"]
[Black "Liard, Thibaud"]
[Result "1-0"]
[WhiteElo "2099"]
[BlackElo "2178"]
[PlyCount "79"]
[EventDate "2021.10.10"]
[EventType "team-tourn"]
[EventCountry "GER"]
[WhiteTeam "Homburg Bad SK"]
[BlackTeam "Griesheim SV"]
[WhiteTeamCountry "GER"]
[BlackTeamCountry "GER"]

1. d4 Nf6 2. c4 d6 3. Nf3 Nbd7 4. Nc3 e5 5. g3 g6 6. Bg2 Bg7 7. O-O O-O 8. e4
exd4 9. Nxd4 Re8 10. Re1 a6 11. h3 Rb8 12. b3 c5 13. Nde2 b5 14. cxb5 axb5 15.
Bf4 Ne5 16. Qc2 b4 17. Na4 Bd7 18. Nb2 g5 19. Bxe5 Rxe5 20. Nc4 Re6 21. Rad1
Qe7 22. f4 Re8 23. e5 dxe5 24. fxg5 Nh5 25. Qd2 Bb5 26. Bf3 e4 27. Bxh5 e3 28.
Qd5 Bc6 29. Qf5 Be4 30. Qf4 Ba8 31. Rf1 Rf8 32. Bf3 h6 33. gxh6 Bxh6 34. Qg4+
Rg6 35. Qd7 Qh4 36. Bxa8 Rxg3+ 37. Nxg3 Qxg3+ 38. Kh1 Kh8 39. Rg1 Qf2 40. Rdf1
1-0

[Event "Oberliga Ost B"]
[Site "?"]
[Date "2022.03.06"]
[Round "9.5"]
[White "Flach, Erich"]
[Black "Haucke, Alexander"]
[Result "1/2-1/2"]
[WhiteElo "2058"]
[BlackElo "2227"]
[PlyCount "37"]
[EventDate "2021.10.10"]
[EventType "team-tourn"]
[EventCountry "GER"]
[WhiteTeam "Griesheim SV"]
[BlackTeam "Homburg Bad SK"]
[WhiteTeamCountry "GER"]
[BlackTeamCountry "GER"]

1. c4 Nf6 2. Nc3 g6 3. e4 d6 4. d4 Bg7 5. Nf3 O-O 6. Be2 e5 7. O-O Nc6 8. Be3
Ng4 9. Bg5 f6 10. Bc1 f5 11. Bg5 Qe8 12. dxe5 Ngxe5 13. exf5 Bxf5 14. Qd2 Qf7
15. Nd5 Kh8 16. Bh6 Nxf3+ 17. Bxf3 Nd4 18. Bxg7+ Qxg7 19. Bd1 1/2-1/2

[Event "Oberliga Ost B"]
[Site "?"]
[Date "2022.03.06"]
[Round "9.6"]
[White "Merkle, Egon"]
[Black "Diaz, Joaquin"]
[Result "1/2-1/2"]
[WhiteElo "2146"]
[BlackElo "2151"]
[PlyCount "38"]
[EventDate "2021.10.10"]
[EventType "team-tourn"]
[EventCountry "GER"]
[WhiteTeam "Homburg Bad SK"]
[BlackTeam "Griesheim SV"]
[WhiteTeamCountry "GER"]
[BlackTeamCountry "GER"]

1. Nf3 d5 2. c4 c6 3. e3 Nf6 4. b3 Bg4 5. Bb2 Nbd7 6. Be2 e6 7. O-O Bd6 8. h3
Bf5 9. Nh4 Bxb1 10. Rxb1 O-O 11. d3 Qe7 12. g3 Rac8 13. Bf3 Rfd8 14. Qc2 Ba3
15. Ba1 b6 16. e4 Nf8 17. e5 N6d7 18. d4 f6 19. exf6 Nxf6 1/2-1/2

[Event "Oberliga Ost B"]
[Site "?"]
[Date "2022.03.06"]
[Round "9.7"]
[White "Nothnagel, Markus"]
[Black "Novak, Volker"]
[Result "1/2-1/2"]
[WhiteElo "2202"]
[BlackElo "2066"]
[PlyCount "31"]
[EventDate "2021.10.10"]
[EventType "team-tourn"]
[EventCountry "GER"]
[WhiteTeam "Griesheim SV"]
[BlackTeam "Homburg Bad SK"]
[WhiteTeamCountry "GER"]
[BlackTeamCountry "GER"]

1. b3 d5 2. Bb2 Bg4 3. f3 Bf5 4. e3 Nd7 5. f4 Ngf6 6. Nf3 Bg4 7. Be2 e6 8. O-O
Be7 9. Ne5 Bxe2 10. Qxe2 O-O 11. d3 Nxe5 12. fxe5 Nd7 13. Qg4 Qe8 14. Nd2 f5
15. exf6 Bxf6 16. Bxf6 1/2-1/2

[Event "Oberliga Ost B"]
[Site "?"]
[Date "2022.03.06"]
[Round "9.8"]
[White "Schramm, Matthias"]
[Black "Hahn, Werner"]
[Result "1/2-1/2"]
[WhiteElo "1968"]
[BlackElo "2177"]
[PlyCount "90"]
[EventDate "2021.10.10"]
[EventType "team-tourn"]
[EventCountry "GER"]
[WhiteTeam "Homburg Bad SK"]
[BlackTeam "Griesheim SV"]
[WhiteTeamCountry "GER"]
[BlackTeamCountry "GER"]

1. c4 g6 2. Nc3 Bg7 3. d4 Nf6 4. e4 d6 5. Be2 O-O 6. Bg5 h6 7. Be3 Nbd7 8. Qd2
Kh7 9. h4 c5 10. h5 cxd4 11. hxg6+ fxg6 12. Bxd4 Qa5 13. f3 Nc5 14. Rd1 Ne6 15.
Bxf6 Rxf6 16. Nd5 Qxd2+ 17. Rxd2 Rf7 18. Nh3 Bd7 19. f4 Kg8 20. f5 gxf5 21. Bh5
fxe4 22. Bxf7+ Kxf7 23. Rf1+ Ke8 24. Nhf4 Rc8 25. Nxe6 Bxe6 26. b3 Be5 27. Ke2
b5 28. cxb5 Rc5 29. Ne3 d5 30. Rfd1 d4 31. Rxd4 Bxd4 32. Rxd4 Rxb5 33. Rxe4 Kf7
34. Ra4 a5 35. Nc4 Bxc4+ 36. bxc4 Rg5 37. Kf3 Ke6 38. g4 Rc5 39. Ke3 Ke5 40.
Ra3 Rxc4 41. Rxa5+ Kf6 42. Kf3 e5 43. a4 Rc3+ 44. Kf2 Ra3 45. Kg2 Ra2+ 1/2-1/2

[Event "Oberliga Ost B"]
[Site "?"]
[Date "2022.03.06"]
[Round "9.1"]
[White "Siebarth, Raiko"]
[Black "Legde, Georg"]
[Result "1/2-1/2"]
[WhiteElo "2331"]
[BlackElo "2319"]
[PlyCount "21"]
[EventDate "2021.10.10"]
[EventType "team-tourn"]
[EventCountry "GER"]
[WhiteTeam "Stadtilm SG BW"]
[BlackTeam "Moerlenbach Birkenau Freibauer"]
[WhiteTeamCountry "GER"]
[BlackTeamCountry "GER"]

1. e4 c5 2. Nf3 Nc6 3. d4 cxd4 4. Nxd4 e5 5. Nb5 a6 6. Nd6+ Bxd6 7. Qxd6 Qe7 8.
Qxe7+ Ngxe7 9. Nc3 d5 10. Bd3 Nb4 11. Nxd5 1/2-1/2

[Event "Oberliga Ost B"]
[Site "?"]
[Date "2022.03.06"]
[Round "9.2"]
[White "Felgendreher, Heiko"]
[Black "Schneider, Christian"]
[Result "0-1"]
[WhiteElo "2194"]
[BlackElo "2229"]
[PlyCount "56"]
[EventDate "2021.10.10"]
[EventType "team-tourn"]
[EventCountry "GER"]
[WhiteTeam "Moerlenbach Birkenau Freibauer"]
[BlackTeam "Stadtilm SG BW"]
[WhiteTeamCountry "GER"]
[BlackTeamCountry "GER"]

1. e4 c6 2. d4 d5 3. exd5 cxd5 4. c4 Nf6 5. Nc3 e6 6. c5 Nc6 7. Bg5 Be7 8. Nf3
O-O 9. Bb5 Ne4 10. Bxe7 Nxe7 11. O-O b6 12. cxb6 Qxb6 13. Qa4 Nf5 14. Ne2 Rb8
15. Bd3 Rd8 16. b3 a5 17. Rfc1 Bd7 18. Qa3 Bb5 19. Bxb5 Qxb5 20. Rc2 Rdc8 21.
Rac1 Rxc2 22. Rxc2 h6 23. Ne5 f6 24. Nc6 Rc8 25. Na7 Rxc2 26. Nxb5 Rxe2 27.
Qxa5 Rxf2 28. Nc3 Ne3 0-1

[Event "Oberliga Ost B"]
[Site "?"]
[Date "2022.03.06"]
[Round "9.3"]
[White "Dittrich, Tom"]
[Black "Dittmar, Peter"]
[Result "0-1"]
[WhiteElo "1975"]
[BlackElo "2230"]
[PlyCount "80"]
[EventDate "2021.10.10"]
[EventType "team-tourn"]
[EventCountry "GER"]
[WhiteTeam "Stadtilm SG BW"]
[BlackTeam "Moerlenbach Birkenau Freibauer"]
[WhiteTeamCountry "GER"]
[BlackTeamCountry "GER"]

1. e4 e6 2. d4 d5 3. Nc3 Be7 4. exd5 exd5 5. Bd3 Nf6 6. Nge2 Bg4 7. f3 Bh5 8.
Ng3 Bg6 9. Nf5 O-O 10. O-O Bxf5 11. Bxf5 c5 12. Ne2 Nc6 13. Kh1 Qb6 14. c3 Rfe8
15. Be3 cxd4 16. Nxd4 Bc5 17. Bg1 g6 18. Bh3 Bxd4 19. Bxd4 Nxd4 20. Qxd4 Qxd4
21. cxd4 Re2 22. b4 Rae8 23. Kg1 Rd2 24. Rf2 Rxd4 25. Rb2 Re7 26. Rc1 Rc4 27.
Rd1 Rec7 28. Kf2 Rc2+ 29. Rd2 Rxd2+ 30. Rxd2 Rc4 31. Rb2 Kf8 32. Ke3 Ke7 33.
Kd3 Kd6 34. a3 Ne8 35. g3 Nc7 36. a4 Na6 37. b5 Nc5+ 38. Ke2 Nxa4 39. Rd2 Nc3+
40. Kf2 Rb4 0-1

[Event "Oberliga Ost B"]
[Site "?"]
[Date "2022.03.06"]
[Round "9.4"]
[White "Boehmer, Christian"]
[Black "Siebarth, Marco"]
[Result "0-1"]
[WhiteElo "2176"]
[BlackElo "2019"]
[PlyCount "72"]
[EventDate "2021.10.10"]
[EventType "team-tourn"]
[EventCountry "GER"]
[WhiteTeam "Moerlenbach Birkenau Freibauer"]
[BlackTeam "Stadtilm SG BW"]
[WhiteTeamCountry "GER"]
[BlackTeamCountry "GER"]

1. e4 c5 2. d4 cxd4 3. c3 d3 4. Bxd3 Nc6 5. c4 d6 6. h3 Nf6 7. Nf3 g6 8. Nc3
Bg7 9. Be3 a6 10. O-O O-O 11. Rc1 Bd7 12. Nd2 Rc8 13. Qe2 Ne5 14. Bb1 Bc6 15.
f4 Ned7 16. b4 b6 17. Rfd1 Qc7 18. Nf3 Rfd8 19. Nd5 Bxd5 20. exd5 Qb7 21. Nd4
Nb8 22. a4 Nfd7 23. Bf2 Re8 24. h4 Bxd4 25. Bxd4 e5 26. dxe6 Rxe6 27. Qf2 Rce8
28. Rd2 Nc6 29. Bc3 Nf6 30. b5 axb5 31. cxb5 Ne7 32. f5 Nxf5 33. Bxf5 gxf5 34.
Qg3+ Ng4 35. Rxd6 Re3 36. Qf4 Rxc3 0-1

[Event "Oberliga Ost B"]
[Site "?"]
[Date "2022.03.06"]
[Round "9.6"]
[White "Schaefer, Michael"]
[Black "Neubauer, Andreas"]
[Result "0-1"]
[WhiteElo "2149"]
[BlackElo "2142"]
[PlyCount "104"]
[EventDate "2021.10.10"]
[EventType "team-tourn"]
[EventCountry "GER"]
[WhiteTeam "Moerlenbach Birkenau Freibauer"]
[BlackTeam "Stadtilm SG BW"]
[WhiteTeamCountry "GER"]
[BlackTeamCountry "GER"]

{[%evp 0,19,38,38,28,19,20,12,54,36,17,9,12,1,3,4,32,8,18,8,38,-223]} 1. d4 Nf6
2. Nf3 e6 3. e3 b6 4. Bd3 Bb7 5. Nbd2 d5 6. O-O Bd6 7. b3 Ne4 8. Bb2 O-O 9. c4
f5 10. Ne5 Nd7 11. f3 Nxd2 12. Qxd2 a5 13. a3 Bxe5 14. dxe5 Nc5 15. Qc2 Nxd3
16. Qxd3 dxc4 17. Qxc4 Bd5 18. Qc2 Qg5 19. Bc1 Qe7 20. Bd2 c5 21. Qb2 Rfc8 22.
b4 cxb4 23. axb4 a4 24. Rfc1 Qd7 25. Qd4 Qb5 26. e4 fxe4 27. fxe4 Bb3 28. Be3
Rxc1+ 29. Rxc1 a3 30. Qxb6 Qxb6 31. Bxb6 Ra4 32. Rc8+ Kf7 33. Rc7+ Kg6 34. Ra7
Rxa7 35. Bxa7 Bc2 36. Kf2 Bxe4 37. Bd4 Bc6 38. g3 Kf5 39. Ba1 Ke4 40. Ke2 Bb5+
41. Kd2 Kf3 42. Kc3 Kg2 43. Kd4 Kxh2 44. Kc5 Ba4 45. Kd6 Kxg3 46. Kxe6 g5 47.
Kd6 Kf4 48. Kc5 Kf5 49. b5 Bxb5 50. Kxb5 h5 51. Kb4 h4 52. Kxa3 h3 0-1

[Event "Oberliga Ost B"]
[Site "?"]
[Date "2022.03.06"]
[Round "9.7"]
[White "Schroeter, Maik"]
[Black "Wrede, Michael"]
[Result "0-1"]
[WhiteElo "1947"]
[BlackElo "2140"]
[PlyCount "116"]
[EventDate "2021.10.10"]
[EventType "team-tourn"]
[EventCountry "GER"]
[WhiteTeam "Stadtilm SG BW"]
[BlackTeam "Moerlenbach Birkenau Freibauer"]
[WhiteTeamCountry "GER"]
[BlackTeamCountry "GER"]

1. e4 e6 2. d4 d5 3. e5 c5 4. c3 Nc6 5. Nf3 Nge7 6. Bd3 cxd4 7. O-O Qb6 8. Re1
Bd7 9. Nbd2 Rc8 10. g3 a6 11. Ng5 h6 12. Nh7 Ng6 13. Nxf8 Rxf8 14. Nf3 dxc3 15.
bxc3 Qc7 16. Qe2 Na5 17. Rb1 Ne7 18. Ba3 b5 19. Rec1 Rg8 20. Bd6 Qa7 21. Nd4
Nc4 22. Bxc4 Rxc4 23. Qe3 Nc6 24. Nxc6 Qxe3 25. fxe3 Bxc6 26. Rb4 f5 27. Rxc4
dxc4 28. Kf2 Kd7 29. Rd1 Bd5 30. a3 Kc6 31. Ra1 Kb6 32. Rb1 g6 33. Rb2 Ra8 34.
Rb4 Kc6 35. Rb2 Be4 36. Rd2 Rd8 37. Ke1 h5 38. h4 Rd7 39. Kf2 Bd5 40. Bb4 Ra7
41. Ba5 Rg7 42. Rd4 Rg8 43. Rd2 Rb8 44. Ke1 Rb7 45. Kf2 Rd7 46. Rd4 Be4 47. Ke2
Rd5 48. Kf2 Rxe5 49. Rd8 Rd5 50. Rc8+ Kd6 51. Rg8 Rd2+ 52. Ke1 Ra2 53. Rxg6 Bf3
54. Rg8 Ke5 55. Rd8 Rxa3 56. Bb4 Ra2 57. Rd2 Ra1+ 58. Kf2 Bd5 0-1

[Event "Oberliga Ost B"]
[Site "?"]
[Date "2022.03.06"]
[Round "9.1"]
[White "Geske, Julian"]
[Black "Heinatz, Thomas"]
[Result "1-0"]
[WhiteElo "2374"]
[BlackElo "2307"]
[PlyCount "71"]
[EventDate "2021.10.10"]
[EventType "team-tourn"]
[EventCountry "GER"]
[WhiteTeam "Wiesbadener SV"]
[BlackTeam "Schoeneck SF"]
[WhiteTeamCountry "GER"]
[BlackTeamCountry "GER"]

1. d4 Nf6 2. c4 g6 3. Nc3 Bg7 4. e4 d6 5. f3 O-O 6. Be3 a6 7. Nge2 c6 8. a4 a5
9. Qd2 Na6 10. Rd1 Nb4 11. Ng3 Qc7 12. Be2 e5 13. d5 Ne8 14. dxc6 Qxc6 15. c5
dxc5 16. Bb5 Qc7 17. Nd5 Nxd5 18. Qxd5 Be6 19. Qxc5 Qb8 20. Qb6 Kh8 21. O-O h5
22. Ne2 Nc7 23. Bd7 Ra6 24. Qc5 Kg8 25. Rd3 Bxd7 26. Rxd7 Ne6 27. Qd5 Rc6 28.
Nc3 Qc8 29. Rd1 Nd4 30. Nb5 Nc2 31. Bg5 Nb4 32. Qb3 Rc4 33. Be7 Re8 34. Na7 Qb8
35. Qxc4 Qxa7+ 36. Bc5 1-0

[Event "Oberliga Ost B"]
[Site "?"]
[Date "2022.03.06"]
[Round "9.2"]
[White "Nazarenus, Moritz"]
[Black "Alienkin, Aleksander"]
[Result "1/2-1/2"]
[WhiteElo "2232"]
[BlackElo "2361"]
[PlyCount "86"]
[EventDate "2021.10.10"]
[EventType "team-tourn"]
[EventCountry "GER"]
[WhiteTeam "Schoeneck SF"]
[BlackTeam "Wiesbadener SV"]
[WhiteTeamCountry "GER"]
[BlackTeamCountry "GER"]

1. d4 Nf6 2. c4 e6 3. Nf3 b6 4. a3 Ba6 5. Qc2 c5 6. e3 Bb7 7. Be2 g6 8. Nbd2
Bg7 9. O-O O-O 10. b3 d6 11. Bb2 Nbd7 12. Rad1 Qc7 13. Ne1 Rac8 14. Qb1 cxd4
15. Bxd4 d5 16. Qa1 e5 17. Bb2 Rfe8 18. cxd5 Nxd5 19. Rc1 Qb8 20. Nef3 Rcd8 21.
Rfd1 a6 22. b4 b5 23. a4 Nxb4 24. axb5 axb5 25. Qa5 Nc6 26. Qxb5 e4 27. Bxg7
Kxg7 28. Ng5 Nf6 29. Nc4 h6 30. Nh3 Rxd1+ 31. Rxd1 Rd8 32. Rxd8 Nxd8 33. Na5
Qc7 34. Nxb7 Nxb7 35. Qb2 g5 36. g3 Nc5 37. Qc3 Qd6 38. Kg2 Nd3 39. Ng1 Ne5 40.
Bf1 Qd5 41. Be2 Kg6 42. Qc2 Nd3 43. Qd1 Ne5 1/2-1/2